| 000 | 01104nac a22002771u 4500 | ||
|---|---|---|---|
| 010 | _a 2005920355 | ||
| 020 | _a0534646433 (student ed.) | ||
| 020 | _a0495004065 (instructor's ed.) | ||
| 082 | 0 | 0 |
_a306 _bPEO |
| 090 |
_c9015 _d9015 |
||
| 100 | _aPeoples, James G. | ||
| 245 | 1 | 0 |
_aHumanity : _ban introduction to cultural anthropology / _cJames Peoples, Garrick Bailey. |
| 250 | _a7th ed. | ||
| 260 |
_aBelmont, CA : _bThomson Higher Education,2006 _cc2006. |
||
| 300 |
_axix, 444 p. : _bill. (some col.), col. maps ; _c26 cm. |
||
| 490 | 1 | _aThomson advantage books | |
| 500 | _aIncludes passcode to InfoTrac college edition. | ||
| 500 | _adistributer: Fathy Taha Mohamed Desouky | ||
| 504 | _aIncludes bibliographical references (p. 413-426) and indexes. | ||
| 511 | _acatalogued by: wessam | ||
| 650 | 0 | _aEthnology. | |
| 700 | 1 | _aBailey, Garrick Alan. | |
| 830 | 0 | _aAdvantage series (Wadsworth/Thomson Learning (Firm)) | |
| 942 |
_cBB _k306PEO |
||
| 999 |
_c9015 _d9015 |
||